000 01291cam a2200361 i 4500
001 2051316
003 EG-ScBUE
005 20250305102135.0
008 930701t1994 nyua f 001 0 eng d
020 _a047152462X
020 _a9780471524625
040 _aDLC
_beng
_erda
_cDLC
_dDLC
_dEG-ScBUE
082 0 4 _a530
_222
_bBUE
100 1 _aBueche, F.
_q(Frederick),
_d1923-
_eauthor.
245 1 0 _aTechnical physics /
_cFrederick Bueche, retired, University of Dayton, David L. Wallach, Pennsylvania State University, Mckeesport Campus.
250 _aFourth edition.
264 1 _aNew York :
_bJohn Wiley & Sons,
_c[1994]
264 4 _cc1994
300 _axvii, 680 pages :
_billustrations (some color) ;
_c27 cm
336 _2rdacontent
_atext
_btxt
337 _aunmediated
_2rdamedia
_bn
338 _avolume
_bnc
_2rdacarrier
500 _aIncludes index.
650 7 _aPhysics.
_2BUEsh
_94340
650 7 _aPhysics
_xIndustrial applications.
_2BUEsh
651 _2BUEsh
653 _bHHUUPPSS
_cMarch2018
655 _vReading book
700 1 _aWallach, David Lee,
_eauthor.
856 4 2 _3Publisher description
_uhttp://www.loc.gov/catdir/description/wiley032/93026159.html
856 4 _3Table of Contents
_uhttp://www.loc.gov/catdir/toc/onix02/93026159.html
942 _2ddc
_cBB
999 _c26314
_d26286